| 000 | 00480nam a22001337a 4500 | ||
|---|---|---|---|
| 999 |
_c67422 _d67419 |
||
| 100 |
_aAbdul Khalique Keerio _a17MCEM02 _aSupervisor - Dr. Riaz Bhanbhro |
||
| 245 | _aSeepage Throlugh embankments and its Effective Control for the Safety of Embankments in Pakistan | ||
| 260 |
_aNawanshah _bQuest _c2021 |
||
| 300 | _a28p. | ||
| 650 | _aConstruction Engineering and Management | ||
| 700 | _aDepartment of Civil Engineering | ||
| 856 | _uhttp://tinyurl.com/y33j78de | ||
| 942 | _cTHESIS | ||